Statistics for Great Ocean Road Towns

Click here to take the quiz!

General Stats

  • This quiz has been taken 7 times
  • The average score is 4 of 11

Answer Stats

Answer% Correct
Warrnambool
80%
Apollo Bay
60%
Lorne
60%
Port Campbell
60%
Torquay
60%
Anglesea
40%
Peterborough
40%
Aireys Inlet
20%
Wye River
20%
Kennet River
0%
Lavers Hill
0%

Score Distribution

Percentile by Number Answered

Percent of People with Each Score

Your Score History

You have not taken this quiz